000 00655nam a2200229 a 4500
001 19901
003 CO-ViMGA
008 141112s2004 ck r 000 u spa d
020 _a8497290062
040 _aCO-ViMGA
_bspa
_cCO-ViMGA
082 0 4 _a613 Z873g
100 1 _aZurdo, Cesar (et al)
_928895
245 1 0 _aGuía de hábitos saludables para mayores
260 _aBarcelona :
_bINDE,
_c2002
300 _a93 p.
490 _aSalud
590 _aForma de adquisición : Premio Mincultura
650 1 4 _aANCIANOS - CUIDADO E HIGIENE
_928896
650 1 4 _aSALUD
_949719
650 1 4 _aVEJEZ - ASPECTOS FISICOS Y PSICOLOGICOS
_928897
942 _2ddc
_cBK
999 _c29024
_d29024